00702nam a22002177a 4500001000800000005001700008008004100025040001300066050002600079082001700105100003000122245003600152260003700188300002100225500001500246500003500261650004900296942001200345999001700357952011000374495537919961022103805.6960912s1994 rm 000 0 rum  aDLCcDLC00aPC840.22.A8bM68 1994 220a810bDUR1 aLawrence, Durrell.91114810aBalthazar /cLawrence Durrell. aNew York:bE.P. Dutton,cc.1958. a250 p. ;c15 cm. aDonations. aDonated By: Alaa Abdel Ghaney. 911139aFiction in English 1945- Translations 2ddccBB c13331d13331 00102ddc40708 aMAINbMAINc2NDd2010-02-09epurchasel0o810 DURp000019565r2025-07-15 00:00:00yBB